Propuesta de mejoramiento a los procesos de diseño y aprobación de conjuntos residenciales de interés social

में बचाया:
ग्रंथसूची विवरण
मुख्य लेखक: Cerdas Gamboa, Pablo José
अन्य लेखक: Vidal Rivera, Paola Marcela 1979- Directora del TFG
स्वरूप: अज्ञात
भाषा:Spanish
प्रकाशित: [San José], Costa Rica 2019
विषय:
टैग: टैग जोड़ें
कोई टैग नहीं, इस रिकॉर्ड को टैग करने वाले पहले व्यक्ति बनें!

MARC

LEADER 00000 a2200000 4500
003 013176
005 20230309102421.0
008 140114s2019 cr a m 000 ||spa d
040 |c cru CEDI 
100 |a  Cerdas Gamboa, Pablo José  |9 19195 
245 |a Propuesta de mejoramiento a los procesos de diseño y aprobación de conjuntos residenciales de interés social 
260 |a [San José], Costa Rica  |c 2019 
500 |a Proyecto de graduación (licenciatura en ingeniería civil)--Universidad de Costa Rica. Facultad de Ingeniería. Escuela de Ingeniería Civil. 
501 |a Director del Proyecto: Ing. Luis Zamora González 
650 |x DISPOSICION DE RESIDUOS - METODOS   |x RESIDUOS SOLIDOS - EXPERIMENTOS   |x BIOGAS - PRODUCCION - EVALUACION  |x LIXIVIADOS - PRODUCCION - EVALUACION   |x TRATAMIENTO DE RESIDUOS - EVALUACION  
700 |9 2  |a Vidal Rivera, Paola Marcela 1979-  |d Directora del TFG 
942 |c CEDI  |h TFG 8326  |6 TFG_8326_000000000000000 
999 |c 11737  |d 11737